00357pab a2200133 454500008004000000100002000040245006700060260000900127300001100136362000900147650001800156700001500174773003400189180718b1988 xxu||||| |||| 00| 0 eng d aJyothi Rani, T. aFemale population, leteracy and employment - some observations c1988 a245-51 aJul. aWomen - India aB. Rajaiah aIndian Journal of Social Work